Precalculus / (Record no. 6444)
[ view plain ]
| 000 -LEADER | |
|---|---|
| fixed length control field | 00530cam a2200193 a 4500 |
| 020 ## - ISBN | |
| International Standard Book Number | 032122762X |
| 050 00 - LIBRARY OF CONGRESS CALL NUMBER | |
| Classification Number | QA 154.3 |
| Item Number | .L56 2005 |
| 100 1# - MAIN ENTRY--Author | |
| Personal name | Lial, Margaret L. |
| 245 10 - TITLE | |
| Title | Precalculus / |
| Statement of responsibility, etc | Margaret L. Lial, John Hornsby, David I. Schneider. |
| 250 ## - EDITIONSTATEMENT | |
| Edition statement | 3rd ed. |
| 260 ## - PUBLICATION, DISTRIBUTION, ETC.(IMPRINT) | |
| Place of publication, distribution, etc | Boston : |
| Name of publisher, distributor, etc | Pearson Addison Wesley, |
| Date of publication, distribution, etc | c2005. |
| 300 ## - PHYSICAL DESCRIPTION | |
| Extent | (various pagings) : |
| 500 ## - GENERALNOTE | |
| General note | Includes index. |
| 650 #0 - SUBJECT--TOPIC | |
| Topical term following geographic name as entry element | Algebra |
| 650 #0 - SUBJECT--TOPIC | |
| Topical term following geographic name as entry element | Trigonometry |
| 700 1# - ADDED ENTRY--PERSONAL AUTHOR | |
| Personal Name | Hornsby, John, |
| 700 1# - ADDED ENTRY--PERSONAL AUTHOR | |
| Personal Name | Schneider, David I. |
| 942 ## - ADDED ENTRY ELEMENTS(KOHA) | |
| Source of classification or shelving scheme | Library of Congress Classification |
| Koha item type | General circulation |
| Source of classification or shelving scheme | Not for loan | Location (home branch) | Sublocation (holding branch) | Shelving location | Date accessioned | Full call number | Barcode | Koha item type | Public note | Source of acquisition |
|---|---|---|---|---|---|---|---|---|---|---|
| Library of Congress Classification | Main Campus Library | Main Campus Library | 20/07/2015 | QA 154.3 .L56 2005 | 2015/003901 | General circulation | smo | |||
| Library of Congress Classification | SEHSS - Library | SEHSS - Library | 01/03/2016 | [EHS] QA 154.3 .L56 2005 | 2016/013585 | General circulation | A.K. | Donation - Books for Africa |